00970nam a22002415i 4500001000700000003000900007005001700016008004100033080001000074080001100084100003200095245014200127260004800269300004600317490004400363650002900407650003900436700004000475830005200515852002100567999001900588952012100607174260ES-MaACL20230906215457.0100318q1910 sp |||| | spa d a646.7 a613.991 aDrillard cCondesa.914236810aPara ser elegante, para ser bella / cpor la Condesa Drillard ; traducción de la 26ª edición francesa por Margarita Ruiz de Escolar. aBarcelona : bLucas Argilés, c[ca. 1910] a297, XIII p., [8] h. de lám. ; c22 cm.1 aBiblioteca práctica de la mujer ; v1 4aBelleza corporal.910508 4aMujeres-xSalud e higiene.91405981 aRuiz de Escolar, Margarita.91423691 aBiblioteca práctica de la mujer ; v192236724 aES-MaACLjG-8130 c174260d174260 00104070aATENEOMbATENEOMcSVId2010-03-18eSCl0oD-8130p901182913r2023-02-23 00:00:00w2023-02-23yMONOGRAFIA